000 00346nam a2200121Ia 4500
008 230907s9999||||xx |||||||||||||| ||und||
082 _a891.4393
_bZEB
245 0 _aمحبت ہی وفا ٹھہری , Muhabbat he wafa thehri /
260 _aIlm-O-Irfan Publishers,
_bLahore :
_c2014
300 _a144 p.
650 _aUrdu Literature
942 _cBK
999 _c599765
_d599765